000 00704nam a22002057a 4500
999 _c18654
_d18654
003 AR-CdUCM
008 190514b ||||| |||| 00| 0 spa d
040 _aMUNICIPALIDAD PROVINCIAL DEL CUSCO
_cBIBLIOTECA MUNICIPAL DEL CUSCO
082 _a985.61 /
_bC26
100 _aCarreño, Angel
_927901
245 _aEl origen de los nombres de las calles del Cusco /
260 _aCusco :
_bMunicipalidad del Cusco,
_c1987.
300 _a59 cm.
_c22 cm.
505 _aContenido : Sector nor occidental, dirección de norte a sur -- Avenida (Lloqlla) -- Arones (Aroniz) ...
650 _aOrigen
_915147
650 _aCalles
_932588
650 _aCusco
_9772
942 _2ddc
_cLIBROS
945 _arah
_d2019/05/14